Pokémon 1G (dans l'ordre) - Statistiques

Statistiques générales
  • Ce quiz a été pris 78 fois
  • Le résultat moyen est 72 sur 151
Statistiques - réponses
ID Pokémon % Correct
008 Carabaffe
100%
007 Carapuce
100%
001 Bulbizarre
100%
006 Dracaufeu
100%
003 Florizarre
100%
002 Herbizarre
100%
005 Reptincel
100%
004 Salamèche
100%
009 Tortank
93%
013 Aspicot
87%
010 Chenipan
87%
011 Chrysacier
87%
014 Coconfort
87%
015 Dardargnan
87%
012 Papilusion
87%
018 Roucarnage
80%
016 Roucool
80%
017 Roucoups
80%
023 Abo
73%
024 Arbok
73%
040 Grodoudou
73%
036 Mélodelfe
73%
035 Mélofée
73%
034 Nidoking
73%
031 Nidoqueen
73%
029 Nidoran ♀
73%
032 Nidoran ♂
73%
030 Nidorina
73%
033 Nidorino
73%
021 Piafabec
73%
025 Pikachu
73%
026 Raichu
73%
022 Rapasdepic
73%
019 Rattata
73%
020 Rattatac
73%
039 Rondoudou
73%
027 Sabelette
73%
028 Sablaireau
73%
050 Taupiqueur
73%
051 Triopikeur
73%
049 Aéromite
67%
048 Mimitoss
67%
043 Mystherbe
67%
042 Nosferalto
67%
041 Nosferapti
67%
044 Ortide
67%
046 Paras
67%
047 Parasect
67%
045 Rafflesia
67%
038 Feunard
60%
037 Goupix
60%
052 Miaouss
60%
053 Persian
60%
057 Colossinge
53%
056 Férosinge
53%
063 Abra
47%
055 Akwakwak
47%
065 Alakazam
47%
059 Arcanin
47%
070 Boustiflor
47%
058 Caninos
47%
069 Chétiflor
47%
071 Empiflor
47%
064 Kadabra
47%
066 Machoc
47%
067 Machopeur
47%
068 Mackogneur
47%
151 Mew
47%
150 Mewtwo
47%
054 Psykokwak
47%
060 Ptitard
47%
062 Tartard
47%
061 Tétarte
47%
139 Amonistar
40%
138 Amonita
40%
144 Artikodin
40%
148 Draco
40%
149 Dracolosse
40%
145 Électhor
40%
125 Élektek
40%
123 Insécateur
40%
140 Kabuto
40%
141 Kabutops
40%
124 Lippoutou
40%
126 Magmar
40%
132 Métamorph
40%
147 Minidraco
40%
137 Porygon
40%
142 Ptéra
40%
143 Ronflex
40%
146 Sulfura
40%
134 Aquali
33%
083 Canarticho
33%
094 Ectoplasma
33%
133 Évoli
33%
092 Fantominus
33%
078 Galopa
33%
075 Gravalanch
33%
076 Grolem
33%
130 Léviator
33%
131 Lokhlass
33%
129 Magicarpe
33%
122 M. Mime
33%
077 Ponyta
33%
136 Pyroli
33%
074 Racaillou
33%
127 Scarabrute
33%
093 Spectrum
33%
128 Tauros
33%
072 Tentacool
33%
073 Tentacruel
33%
135 Voltali
33%
091 Crustabri
27%
085 Dodrio
27%
084 Doduo
27%
080 Flagadoss
27%
090 Kokiyas
27%
087 Lamantine
27%
081 Magnéti
27%
082 Magnéton
27%
095 Onix
27%
086 Otaria
27%
079 Ramoloss
27%
101 Électrode
20%
108 Excelangue
20%
089 Grotadmorv
20%
106 Kicklee
20%
099 Krabboss
20%
098 Krabby
20%
113 Leveinard
20%
103 Noadkoko
20%
102 Noeunoeuf
20%
105 Ossatueur
20%
104 Osselait
20%
120 Stari
20%
121 Staross
20%
088 Tadmorv
20%
107 Tygnon
20%
100 Voltorbe
20%
097 Hypnomade
13%
115 Kangourex
13%
118 Poissirène
13%
119 Poissoroy
13%
111 Rhinocorne
13%
112 Rhinoféros
13%
114 Saquedeneu
13%
096 Soporifik
13%
117 Hypocéan
7%
116 Hypotrempe
7%
109 Smogo
7%
110 Smogogo
7%
Aucun quiz correspondant
Distribution des résultats
% des personnes avec chaque résultat
Percentile par nombre de réponses
Votre historique - résultats
Vous n’avez pas pris ce quiz